| 000 | 00795nam a2200217 a 4500 | ||
|---|---|---|---|
| 001 | BRCA_8129 | ||
| 005 | 20190320210138.0 | ||
| 008 | 110414s--------fr-a###f##---#000-0#fre-# | ||
| 041 | _afre | ||
| 044 | _afr | ||
| 050 | 4 |
_aN8558.5 _b.C755 |
|
| 245 | 1 | 0 |
_aLa conservation de monuments d´art & d´histoire = The conservation of artistics & historical monuments _cL´Instituto de Coòperation Intellectuelle. |
| 260 |
_aFrancia _bL´Instituto de Coòperation Intellectuelle _c(sin fecha) |
||
| 300 |
_a487 p. _bil. _c25 cm. |
||
| 500 | _aY207 | ||
| 610 | 2 | 4 |
_aOffice International des Musées _zFrancia _920242 |
| 650 | 1 | 4 |
_aMonumentos artísticos _vConservación y restauración _zFrancia _920243 |
| 650 | 1 | 4 |
_aArte _vConservación y restauración _zFrancia _920244 |
| 902 | _aGFM | ||
| 942 |
_2lcc _cB |
||
| 999 |
_c7797 _d7797 |
||